គណិតវិទ្យា ថ្នាក់ទី ៤ / (Record no. 10038)
[ view plain ]
| 000 -LEADER | |
|---|---|
| fixed length control field | 01419nam a22002297a 4500 |
| 001 - CONTROL NUMBER | |
| control field | 10038 |
| 003 - CONTROL NUMBER IDENTIFIER | |
| control field | FISKH |
| 005 - DATE AND TIME OF LATEST TRANSACTION | |
| control field | 20260331143028.0 |
| 008 - FIXED-LENGTH DATA ELEMENTS--GENERAL INFORMATION | |
| fixed length control field | 260331b cb ||||| |||| 00| 0 eng d |
| 020 ## - INTERNATIONAL STANDARD BOOK NUMBER | |
| International Standard Book Number | 9789995001186 |
| 040 ## - CATALOGING SOURCE | |
| Original cataloging agency | FISKH |
| Language of cataloging | khr |
| Transcribing agency | FISKH |
| Modifying agency | FISKH |
| 082 ## - DEWEY DECIMAL CLASSIFICATION NUMBER | |
| Classification number | 513 |
| 100 ## - MAIN ENTRY--PERSONAL NAME | |
| Personal name | Vibol, Prum |
| 245 ## - TITLE STATEMENT | |
| Title | គណិតវិទ្យា ថ្នាក់ទី ៤ / |
| 260 ## - PUBLICATION, DISTRIBUTION, ETC. | |
| Place of publication, distribution, etc. | Phnom Penh : |
| Name of publisher, distributor, etc. | Ministry of Youth and Sport, |
| Date of publication, distribution, etc. | 2023. |
| 300 ## - PHYSICAL DESCRIPTION | |
| Extent | 124 pages : |
| Other physical details | illustraitons ; |
| Dimensions | 25 cm |
| 520 ## - SUMMARY, ETC. | |
| Summary, etc. | សៀវភៅសិក្សាគណិតវិទ្យាសម្រាប់សិស្សថ្នាក់ទី៤ ដែលបង្រៀនមូលដ្ឋានគ្រឹះគណិតវិទ្យាសំខាន់ៗ ដូចជា ចំនួនគត់ ការបូក ការដក ការគុណ ការចែក ប្រភាគ ទម្ងន់ ប្រវែង ពេលវេលា រូបធរណីមាត្រ និងការដោះស្រាយបញ្ហាប្រចាំថ្ងៃ។ |
| 520 ## - SUMMARY, ETC. | |
| Summary, etc. | A primary school mathematics textbook for Grade 4 students that introduces essential mathematical concepts including whole numbers, addition, subtraction, multiplication, division, fractions, measurement, time, geometry, and everyday problem-solving. |
| 650 ## - SUBJECT ADDED ENTRY--TOPICAL TERM | |
| Topical term or geographic name entry element | Mathematic |
| 942 ## - ADDED ENTRY ELEMENTS (KOHA) | |
| Source of classification or shelving scheme | Dewey Decimal Classification |
| Koha item type | Books |
| Suppress in OPAC | No |
| Withdrawn status | Lost status | Source of classification or shelving scheme | Damaged status | Not for loan | Collection | Home library | Current library | Shelving location | Date acquired | Total Checkouts | Full call number | Barcode | Date last seen | Copy number | Price effective from | Koha item type |
|---|---|---|---|---|---|---|---|---|---|---|---|---|---|---|---|---|
| Dewey Decimal Classification | Reference | Footprints International School Library Network Toul Tom Poung Campus | Footprints International School Library Network Toul Tom Poung Campus | Librarian's Shelf TTP | 03/31/2026 | VIB 510 | 2026-0416 | 03/31/2026 | 1 | 03/31/2026 | Books |
